| 000 | 00678nam a22001337a 4500 | ||
|---|---|---|---|
| 040 | _cRUA | ||
| 082 | _aAGR THO 2015 B516 Or.1 | ||
| 100 | _aTHONG SOKKHIM; ថុង សុខឃីម | ||
| 245 | _aEffect of compost tea to the growth of radish ( raphanus sativus l) at royal university of agriculture; ឥទ្ធិពលនៃការប្រើតែកំប៉ុស្តិ៍(compost tea) លើការលូតលាស់ដំណាំឆៃថាវនៅសាកលវិទ្យាល័យភូមិន្ទកសិកម្ម | ||
| 260 |
_aPhnom Penh _bRUA _c2015 |
||
| 300 |
_ax; 43p; _bill; _c29cm; |
||
| 856 | _u THONG SOKKHIM | ||
| 942 | _cAGR | ||
| 999 |
_c10526 _d10526 |
||